LEADER 02994nam0 2200517 i 450 001 BVEE019379 005 20170908093208.0 012 $asim- I.s. ***- **** (3) 1565 (A)$2fei 100 $a20070201d1565 ||||0itac50 ba 101 | $alat 102 $afr 181 1$6z01$ai $bxxxe 182 1$6z01$an 200 1 $a˜Prisciani Caesariensis, Rhemnij Fannij, Bedae Angli, Volusij Metiani. œLibri de nummis, ponderibus, mensuris, numeris, eorumque notis, & de vetere computandi per digitos ratione, ab Elia Vineto Santone emendati 210 $aParisiis$cin aedibus Rouillij [i.e. Philippe Gaultier] via Iacobaea, sub signo Concordiae$d1565 215 $a[2], 4, 5, [13], 95, [1] p.$d8º 300 $aMarca (R348) sul front 300 $aCors. ; gr. ; rom 300 $aSegn.: A⁸ā⁴B-G⁸ 300 $aIniziali e fregi xil. 316 $a1 v. - Legato con: Vivien Joris, De officio, Anversa, 1563. - Legatura farnesiana. - Timbro RB sul front. del v. 1.$5IT-NA0079, SALA FARN.25. C 0034 620 $dParigi$3TO0L002626 700 0$aPriscianus : Caesariensis$3CFIV024501$4070$0154536 702 1$aMaecianus$b, Lucius Volusius$3CFIV030231 702 0$aBeda : Venerabilis$3CFIV059712 702 1$aVinet$b, Elie$f <1509-1587>$3RMLV020701 702 1$aPalaemon$b, Quintus Rhemnius$3UFIV076422 712 02$aGaultier Rouillé, Philippe$3BVEV050660$4650 790 0$aPriscianus Caesariensis$3CFIV026938$zPriscianus : Caesariensis 790 1$aMaecianus$b, Volusius$3CFIV051891$zMaecianus, Lucius Volusius 790 0$aBeda$c $3CFIV059713$zBeda : Venerabilis 790 0$aVenerabile Beda$3CFIV156056$zBeda : Venerabilis 790 0$aBède$c $3CFIV206648$zBeda : Venerabilis 790 0$aBède : le Vénérable$3CFIV206649$zBeda : Venerabilis 790 0$aBeda$f $3CFIV282450$zBeda : Venerabilis 790 0$aBeda : il Venerabile$3CFIV289634$zBeda : Venerabilis 790 1$aPalaemon$b, Quintus Rhemnius Fannius$3UFIV076423$zPalaemon, Quintus Rhemnius 791 02$aRouillé$c $3BVEV050668$zGaultier Rouillé, Philippe 801 3$aIT$bIT-NA0079$c20070201 850 $aIT-NA0079 912 $aBVEE019379 921 $aBVEM001532$bFascio di spighe tra due serpenti $cR348$dSul front. 950 0$aBiblioteca Nazionale Vittorio Emanuele III$c1 v.$d BNSALA FARN.25. C 0034$e BNA010014544665 H (2 1 v. - Legato con: Vivien Joris, De officio, Anversa, 1563. - Legatura farnesiana. - Timbro RB sul front. del v. 1.$fC $h20070201$i20070201 977 $a BN 996 $aLibri de nummis, ponderibus, mensuris, numeris, eorumque notis, & de vetere computandi per digitos ratione, ab Elia Vineto Santone emendati$91480269 997 $aUNISANNIO LEADER 01062nam0-2200313---450- 001 990009116490403321 005 20100630103410.0 010 $a88-14-14581-4 035 $a000911649 035 $aFED01000911649 035 $a(Aleph)000911649FED01 035 $a000911649 100 $a20091116d2009----km-y0itay50------ba 101 0 $aita 102 $aIT 105 $ay-------001cy 200 1 $a<>sentenze e le ordinanze "autointerpretative" della Corte costituzionale fra "novazione" e "ricognizione" del precedente decisum$fRenato Granata 210 $aMilano$cGiuffr$d2009 215 $a98 p.$d24 cm 225 1 $aStudi e materiali di diritto costituzionale$v33 676 $a342.450$v19$zita 700 1$aGranata,$bRenato$0262839 801 0$aIT$bUNINA$gRICA$2UNIMARC 901 $aBK 912 $a990009116490403321 952 $aVIII E 57$b7472$fDDCIC 959 $aDDCIC 996 $aSentenze e le ordinanze "autointerpretative" della Corte costituzionale fra "novazione" e "ricognizione" del precedente decisum$9781514 997 $aUNINA